000
00221nam a22000857a 4500
008
160924b xxu||||| |||| 00| 0 eng d
100
_9
732
_a
Vedam.C.J.
245
_a
Computer Next-3
260
_a
New Delhi
_b
G.C. Publications
_c
2011
999
_c
3389
_d
3389